Sports Quiz

Random Sports or Football Quiz

⚽ Clickable Crests by City (Blue/White I) Quiz Stats

 Plays Quiz not verified by Sporcle

Support Sporcle.
Go Orange.
Score 0/24 Timer 06:00
0 Plays Today
% Correct
Zürich
(Grasshopper Club)
88.4%
Auxerre
(AJ)
87.7%
London
(Tottenham Hotspur)
87.7%
Liverpool
(Everton)
87.7%
Naples
(SSC)
87.1%
St. Petersburg
(Zenit)
84.5%
Dundee
(FC)
84.5%
Vitoria-Gasteiz
(Deportivo Alavés)
83.9%
Malmö
(FF)
83.9%
Gelsenkirchen
(Schalke 04)
83.9%
Genk
(KRC)
83.2%
Kiev
(Dynamo)
82.6%
% Correct
Bochum
(VfL 1848)
80.6%
Molde
(FK)
80.6%
Copenhagen
(Lyngby BK)
80.6%
Helsinki
(HJK)
79.4%
Limassol
(Apollon)
78.7%
Eindhoven
(FC)
76.1%
Sarajevo
(FK Željezničar)
75.5%
Thessaloniki
(Iraklis)
72.3%
Chorzów
(Ruch)
71.6%
Durrës
(Teuta)
69%
Linz
(SK VÖEST)
67.1%
Belgrade
(FK Rad)
67.1%

You're not logged in!

Compare scores with friends on all Sporcle quizzes.
OR
Log In

From the Vault

Movies by 'Etch A Sketch'

by gloucester

We think this quiz might be a bit sketchy.
Remove Ads.
Support Sporcle.
Get the best of Sporcle when you Go Orange. This ad-free experience offers more features, more stats, and more fun while also helping to support Sporcle. Thank you for becoming a member.

Show Comments

Extras

Top Quizzes Today


Score Distribution

Your Account Isn't Verified!

In order to create a playlist on Sporcle, you need to verify the email address you used during registration. Go to your Sporcle Settings to finish the process.

Report this User

Report this user for behavior that violates our Community Guidelines.

Details: